000 00874nam a2200229Ii 4500
003 JO-AjNU
008 230605s9999||||xx |||||||||||||| ||und||
017 _a2005/8/2049
040 _aJO-AjNU
_bara
_erda
_cJO-AjNU
041 _aara
050 1 4 _aHD30.23.D76.2006
100 3 _aالدروبي،سليمان,
_eauthor
_99516
245 0 0 _aاتخاذ القرار والسيطرة على المشكلات والازمات
250 _aط1
264 3 1 _aعمان:دار عالم الثقافة للنشر والتوزيع،دار الاسرة للنشر والتوزيع،2006
300 _a158ص
336 _atext
_btxt
_2rdacontent
337 _aunmediated
_bn
_2rdamedia
338 _avolume
_bnc
_2rdacarrier
490 0 _aسلسلة البرمجة الادارية وتحسين الاداء
650 4 _aادارة الاعمال-اتخاذ القرارات
_99517
999 _aA1341
_c4909
_d4909